|
|
|
|
| LEADER |
01370nam a22003254a 4500 |
| 001 |
15954 |
| 003 |
BD-DhAAL |
| 005 |
20141107112320.0 |
| 008 |
141007s2002 ctu b 000 0 eng |
| 010 |
|
|
|a 2001038797
|
| 020 |
|
|
|a 1565491424 (pbk. : alk. paper)
|
| 040 |
|
|
|a DLC
|c DLC
|d DLC
|d BD-DhAAL
|
| 050 |
0 |
0 |
|a JF1525.P6
|b B75 2002
|
| 082 |
0 |
0 |
|a 352.3/4/091724
|2 21
|
| 999 |
|
|
|c 33011
|d 33011
|
| 999 |
|
|
|c 33011
|
| 100 |
1 |
|
|a Brinkerhoff, Derick W.
|9 5940
|
| 245 |
1 |
0 |
|a Managing policy reform :
|b concepts and tools for decision-makers in developing and transitioning countries /
|c Derick W. Brinkerhoff and Benjamin L. Crosby.
|
| 260 |
|
|
|a Bloomfield, CT :
|b Kumarian Press,
|c 2002.
|
| 300 |
|
|
|a xiii, 269 p. ;
|c 23 cm.
|
| 504 |
|
|
|a Includes bibliographical references (p. 247-268)
|
| 541 |
|
|
|e 15954, 15956
|
| 650 |
|
0 |
|a Political planning.
|9 5941
|
| 650 |
|
0 |
|a Political participation.
|9 5942
|
| 650 |
|
0 |
|a Democratization.
|9 5943
|
| 651 |
|
0 |
|a Developing countries
|x Politics and government.
|9 5944
|
| 700 |
1 |
|
|a Crosby, Benjamin,
|d 1941-
|9 5945
|
| 942 |
|
|
|2 ddc
|c BK
|
| 952 |
|
|
|0 0
|1 0
|2 ddc
|4 0
|6 352_340917240000000_BRI
|7 0
|9 43990
|a IGS
|b IGS
|c GEN
|d 2014-11-07
|l 0
|o 352.34091724 BRI
|p 3010015956
|r 2014-11-07
|t 2
|w 2014-11-07
|y BK
|
| 952 |
|
|
|0 0
|1 0
|2 ddc
|4 0
|6 352_340917240000000_BRI
|7 0
|9 43991
|a IGS
|b IGS
|c GEN
|d 2014-11-07
|l 0
|o 352.34091724 BRI
|p 3010015954
|r 2014-11-07
|t 1
|w 2014-11-07
|y BK
|